| 000 | 00707nab a2200229 a 4500 | ||
|---|---|---|---|
| 001 | 62112 | ||
| 003 | 134399 | ||
| 005 | 20201118105909.0 | ||
| 008 | ||||||n9999 ||| || || | ||
| 041 | _aspa | ||
| 245 | 0 |
_aManejo de desechos solidos urbanos : _bun problema de dinero y solamente dinero |
|
| 260 |
_aEcuador : _bAsociacion de Municipalidades Ecuatorianas, _c1998. |
||
| 300 | _app.31-35 | ||
| 562 | _e0 | ||
| 650 | _aADMINISTRACION DE DESPERDICIOS | ||
| 650 | _aANÁLISIS DE CASOS | ||
| 650 | _aCREACIÓN DE EMPLEOS | ||
| 650 | _aDESPERDICIOS SOLIDOS | ||
| 650 | _aPARTICIPACIÓN COMUNITARIA--PUPIALES (NARIÑO, COLOMBIA) | ||
| 773 |
_059033 _aPoder Municipal - No.38 |
||
| 942 | _cSART | ||
| 999 |
_c62112 _d62112 |
||